000 00736nam2a22002051 4500
001 RU\NLR\A1SV\4669
005 20251203152403.2
035 _a(NLR Aleph) 009690621
090 _a13477418
_c13477418
100 _a19980325d1925 u y0rusy50 ca
101 0 _arus
200 1 _aУайнсбург, Огайо
_eРассказы
_fПер. с англ. П.Охраменко
215 _a360 с.
_cпортр.
461 1 _1001RU\NLR\A1SV\4668
_12000#$vКн. 2
_99734459
_aАндерсон, Ш. (1876-1941)
_cМ.
_d1925
_fШервуд Андерсон
_nЗемля и фабрика
_tСобрание сочинений
_vКн. 2
801 0 _aRU
_bNLR
_c19980325
942 _cBOOK
980 _aA1SV
980 _aA1SV
980 _aNB